| 000 | 00394nam a2200169Ia 4500 | ||
|---|---|---|---|
| 008 | 210210b1931 xxu||||| |||| 00| 0 eng d | ||
| 041 | _aeng | ||
| 082 | _a828/33 | ||
| 100 | _aBALFOUR (Graham) | ||
| 245 | _aRobert L Stevenson | ||
| 260 |
_aLondon _bMethuen and Company Limited _c1931 |
||
| 650 | _aStevenson | ||
| 650 | _aRobert | ||
| 650 | _aL | ||
| 690 | _aBiography | ||
| 906 | _a015878 | ||
| 999 |
_c135268 _d135268 |
||